000 00383nam a2200145Ia 4500
041 _aArabic
082 _a320,063 cut-525 ع
100 _a20260118u\\\\\\\\\\\y0engy0103\\\\ba
100 _aسامي عصاصة
245 0 _aوثائق حرب الخليج
250 _aط1
260 _bبيسان للتوزيع
_aبيروت - لبنان
_c1994
300 _a155
942 _cBk
999 _c189583
_d189583